Statistiques concernant Quiz football

Cliquez ici pour prendre le quiz!

Statistiques générales

  • Ce quiz a été pris 987 fois
  • Le résultat moyen est 10 sur 20

Statistiques - réponses

QuestionRéponse% Correct
Quel club a le record de ligue des champions ?Real Madrid
90%
Aucune équipe africaine a déjà atteint les quarts de finale de coupe du mondeFaux
77%
Quel club a dominé le championnat de France dans les années 2000 ?Olympique Lyonnais
76%
Parmi ces joueurs, lequel n'était pas présent avec la France lors de la coupe du monde 2018 ?Ferland Mendy
71%
Just Fontaine a le record de but sur une coupe du monde, mais quel est ce nombre de but ?13
69%
Quel a été le dernier ballon d'or avant l'épopée Messi-Ronaldo ?Kaka
68%
Quel club de ligue 1 dans la saison 2011-2012 a fait l'exploit de terminer devant le PSG et d'être sacré champion de France ?Montpellier
65%
Combien de nations différentes ont remporté la coupe du monde ?8
59%
En 2014, l'Espagne sort d'un titre de champion du monde et d'un titre de champion d'Europe, mais elle se fait surprendre d'une défaite de 5-1. Qui a gagné ce fameux match ?Pays Bas
59%
Quel âge à Kilian Mbappé ? ( date du 19/07/2022)23 ans
57%
Combien de finale de coupe du monde a disputé l'Angleterre ?1
43%
Quel pays n'a jamais accueilli de coupe du monde ?Portugal
41%
Quel joueur Français possède une statue à son effigie ?Thierry Henry
37%
Laquelle de ces affirmations est fausse ?Les Pays-Bas est la nation qui a perdu le plus de finale de coupe du monde ?
32%
Qui a organisé la coupe du monde 1958 ?Suede
31%
Combien de bus ont encaissés l'Equipe de France en 1998 ?2
30%
Contre qui l'Equipe de France a remporté son première euro ?Espagne
30%
Quel match fait référence à " La bataille de Nuremberg " ? ( en 2006 )Portugal - Pays Bas
24%
Quel nation a terminé 3e de la coupe du monde 1982 ?Pologne
19%
Quel joueur Français a marqué un but très contesté lors du barrage France-Irlande pour la coupe du monde 2010 ?William Gallas
16%

Distribution des résultats

Percentile par nombre de réponses

% des personnes avec chaque résultat

Votre développement - résultats

Vous n’avez pas pris ce quiz